Statistics for Grenfell Tower Victims

Click here to take the quiz!

General Stats

  • This quiz has been taken 18 times
  • The average score is 7 of 69

Answer Stats

Answer% Correct
Mohamed Neda
80%
Mohamednur Tuccu
80%
Mohammad al-Haj Ali
80%
Mohammed Hamid
80%
Mohammed Hanif
80%
Marco Gottardi
60%
Steven Power
60%
Zainab Choukair
60%
Zainab Deen
60%
Raymond Bernard (Moses)
40%
Ali Yawar Jafari
20%
Mary Mendy
20%
Abdeslam Sebbar
0%
Abdul Aziz
0%
Abufars Ibrahim
0%
Amal Ahmedin
0%
Amaya Tuccu-Ahmedin
0%
Amna Mahmud Idris
0%
Anthony Disson
0%
Bassem Choukair
0%
Berkti Haftom
0%
Biruk Haftom
0%
Deborah Lamprell
0%
Denis Murphy
0%
Ernie Vital
0%
Eslah Elgwahry
0%
Faouzia el-Wahabi
0%
Farah Hamdan
0%
Fatemeh Afrasehabi
0%
Fathia Ahmed
0%
Fatima Choukair
0%
Fethia Hassan
0%
Firdaws Hashim
0%
Gary Maunders
0%
Gloria Trevisan
0%
Hamid Kani
0%
Hania Hassan
0%
Hashim Kedir
0%
Hesham Reman
0%
Husna Begum
0%
Isaac Paulos
0%
Isra Ibrahim
0%
Jeremiah Deen
0%
Jessica Urbano Ramirez
0%
Joseph Daniels
0%
Kamru Miah
0%
Khadija Khalloufi
0%
Khadija Saye
0%
Leena Belkadi
0%
Ligaya Moore
0%
Logan Gomes
0%
Malak Belkadi
0%
Mariem Elgwahry
0%
Marjorie Vital
0%
Mehdi el-Wahabi
0%
Mierna Choukair
0%
Nadia Choucair
0%
Nura Jemal
0%
Nur Huda el-Wahabi
0%
Omar Belkadi
0%
Rania Ibrahim
0%
Reabeya Begum
0%
Sakina Afrasehabi
0%
'Sheila'
0%
Sirria Choukair
0%
Vincent Chiejina
0%
Yahya Hashim
0%
Yaqub Hashim
0%
Yasin el-Wahabi
0%

Score Distribution

Percentile by Number Answered

Percent of People with Each Score

Your Score History

You have not taken this quiz